LEADER 01901nam 2200625Ia 450 001 9910465660603321 005 20200520144314.0 010 $a1-61209-766-9 035 $a(CKB)2560000000070365 035 $a(EBL)3019020 035 $a(SSID)ssj0000469050 035 $a(PQKBManifestationID)12192690 035 $a(PQKBTitleCode)TC0000469050 035 $a(PQKBWorkID)10510940 035 $a(PQKB)10567753 035 $a(MiAaPQ)EBC3019020 035 $a(Au-PeEL)EBL3019020 035 $a(CaPaEBR)ebr10662826 035 $a(OCoLC)923659767 035 $a(EXLCZ)992560000000070365 100 $a20090105d2009 uy 0 101 0 $aeng 135 $aur|n|---||||| 181 $ctxt 182 $cc 183 $acr 200 00$aEye infections, blindness and myopia$b[electronic resource] /$fJeffrey Higgins and Dominique Truax, editors 210 $aNew York $cNova Biomedical Books$dc2009 215 $a1 online resource (292 p.) 225 1 $aEye and vision research developments series 300 $aDescription based upon print version of record. 311 $a1-60692-630-6 320 $aIncludes bibliographical references and index. 410 0$aEye and vision research developments series. 606 $aEye$xInfections 606 $aBlindness 606 $aMyopia 606 $aDrug resistance in microorganisms 606 $aOphthalmic drugs 608 $aElectronic books. 615 0$aEye$xInfections. 615 0$aBlindness. 615 0$aMyopia. 615 0$aDrug resistance in microorganisms. 615 0$aOphthalmic drugs. 676 $a617.7/1 701 $aHiggins$b Jeffrey$0988835 701 $aTruax$b Dominique$0988836 801 0$bMiAaPQ 801 1$bMiAaPQ 801 2$bMiAaPQ 906 $aBOOK 912 $a9910465660603321 996 $aEye infections, blindness and myopia$92261305 997 $aUNINA LEADER 01963nas 2200553 c 450 001 9910893520203321 005 20260218111215.0 035 $a(CKB)5280000000197169 035 $a(DE-599)ZDB2548027-3 035 $a(OCoLC)724713261 035 $a(DE-101)1001359127 035 $a(DE-599)2548027-3 035 $a(EXLCZ)995280000000197169 100 $a20100407a20029999 |y | 101 0 $ager 135 $aur||||||||||| 181 $ctxt$2rdacontent 182 $cc$2rdamedia 183 $acr$2rdacarrier 200 10$aStatistischer Bericht / Statistisches Landesamt des Freistaates Sachsen$hB$hVI$h2$iOrganisation, Personal und Gescha?ftsanfall bei den Gerichten und Staatsanwaltschaften im Freistaat Sachsen 210 31$aKamenz$cStatistisches Landesamt des Freistaates Sachsen$d2002- 215 $aOnline-Ressource 300 $aGesehen am 05.03.20 517 $aStatistischer Bericht / B / VI / 2 517 1 $aStatistischer Bericht / B / 6 / 2 606 $aArbeitnehmer$3(DE-588)4002623-1$3https://d-nb.info/gnd/4002623-1$3(DE-101)04002623X$2gnd 606 $aOrganisation$3(DE-588)4043774-7$3https://d-nb.info/gnd/4043774-7$3(DE-101)040437744$2gnd 606 $aStaatsanwaltschaft$3(DE-588)4056634-1$3https://d-nb.info/gnd/4056634-1$3(DE-101)04056634X$2gnd 606 $aGericht$3(DE-588)4121346-4$3https://d-nb.info/gnd/4121346-4$3(DE-101)041213467$2gnd 607 $aSachsen$2gnd 607 $aSachsen$2gnd 608 $aZeitschrift$2gnd-content 608 $aStatistik$2gnd-content 608 $aStatistik$2gnd 608 $aStatistik$2gnd 608 $aOnline-Publikation$2gnd 615 7$aArbeitnehmer. 615 7$aOrganisation. 615 7$aStaatsanwaltschaft. 615 7$aGericht. 676 $a340 676 $a310 801 0$b9001 801 1$bDE-101 801 2$b9001 906 $aJOURNAL 912 $a9910893520203321 996 $aStatistischer Bericht$94217603 997 $aUNINA